| Tag |
First Indicator |
Second Indicator |
Subfields |
| LEADER |
00000cam a22000001a 4500 |
| 001 |
in00002149421 |
| 006 |
m e d # |
| 007 |
cr mn mmmmabba |
| 008 |
850924s1793 nyu s 000 0 eng d |
| 005 |
20260331143528.7 |
| 035 |
|
|
|z w002321
|
| 035 |
|
|
|a MAAR8509241010B
|
| 035 |
|
|
|9 mwa91-3605
|
| 035 |
|
|
|a 343569
|
| 035 |
|
|
|a aas03002321
|
| 040 |
|
|
|a MWA
|c MWA
|e bdrb
|d UtOrBLW
|
| 245 |
0 |
0 |
|a President Edwards's whole works :
|b Proposals for printing by subscription the whole works of the late learned and pious President Edwards.
|
| 264 |
|
1 |
|a [New York?] :
|b [publisher not identified],
|c [1793?]
|
| 300 |
|
|
|a 1 sheet (1 unnumbered page) ;
|c 45 x 21 cm.
|
| 336 |
|
|
|a text
|b txt
|2 rdacontent
|
| 337 |
|
|
|a computer
|b c
|2 rdamedia
|
| 338 |
|
|
|a online resource
|b cr
|2 rdacarrier
|
| 500 |
|
|
|a The deadline for orders is given as Sept. 10, 1794. Place of publication supplied by Bristol.
|
| 500 |
|
|
|a Apparently an insufficient number of subscriptions were received to encourage publication.
|
| 510 |
4 |
|
|a Bristol
|c B8330
|
| 510 |
4 |
|
|a Shipton & Mooney
|c 46741
|
| 530 |
|
|
|a Microform version available in the Readex Early American Imprints series.
|
| 533 |
|
|
|a Electronic text and image data.
|b [Chester, Vt. :
|c Readex, a division of Newsbank, Inc.,
|d 2002-2004.
|e Includes files in TIFF, GIF and PDF formats with inclusion of keyword searchable text.
|f (Early American imprints. First series ; no. 46741).
|
| 500 |
|
|
|a Electronic resource.
|
| 600 |
1 |
0 |
|a Edwards, Jonathan,
|d 1703-1758.
|
| 650 |
|
0 |
|a Publishers and publishing
|z New York (State)
|z New York.
|
| 655 |
|
7 |
|a Broadsides.
|2 rbgenr
|
| 655 |
|
7 |
|a Prospectuses.
|2 rbgenr
|
| 752 |
|
|
|a United States
|b New York
|d New York.
|
| 830 |
|
0 |
|a Early American imprints.
|n Series I,
|p Evans (1639-1800) ;
|v no. 46741.
|
| 856 |
4 |
1 |
|u http://proxy.library.tamu.edu/login?url=https://opac.newsbank.com/select/evans/46741
|y Evans Digital Edition
|t 0
|
| 999 |
|
|
|a MARS
|
| 999 |
f |
f |
|s c26c5ee7-5a43-31b9-bbf9-b036f7bdcef5
|i 590f5d8f-5c39-3c7d-af7c-a1402b31c10c
|t 0
|
| 952 |
f |
f |
|a Texas A&M University
|b College Station
|c Electronic Resources
|s www_evans
|d Available Online
|t 0
|h No information provided
|
| 998 |
f |
f |
|t 0
|l Available Online
|